banner-ar

شرح شاقية ابن الحاجب: مع شرح شواهدة / (Record no. 38789)

MARC details
000 -الفاتح
حقل البيانات ثابتة الطول 00779nam a2200217Ia 4500
008 - عناصر البيانات ثابتة الطول - معلومات عامة
حقل البيانات ثابتة الطول 140319s9999 xx 000 0 ara d
040 ## - مصدر الفهرسة
وكالة الفهرسة الأصلية GCL /
وكالة النسخ GCL
082 04 - رقم تصنيف ديوى العشرى
رقم التصنيف 415.5
رقم المادة ا ش
100 1# - المدخل الرئيسى - إسم شخصى
الإسم الشخصى الاسترابادى، محمد رضى الدين بن
245 10 - بيان العنوان
العنوان شرح شاقية ابن الحاجب: مع شرح شواهدة /
بيان المسئوليه,etc الاسترابادى، محمد رضى الدين بن
700 1# - المدخل الاضافى - اسم شخصى
الإسم الشخصى محمد نور الحسن
700 1# - المدخل الاضافى - اسم شخصى
الإسم الشخصى محمد الزقراف
700 1# - المدخل الاضافى - اسم شخصى
الإسم الشخصى محمد محيى الدين عبدالحميد
300 ## - الوصف المادى
التعداد متعدد
490 ## - بيان السلسلة
عنوان السلسلة
650 04 - المدخل الاضافى بالموضوع-مصطلح موضوعى
مصطلح موضوعي اللغة العربية - الالفاظ
650 04 - المدخل الاضافى بالموضوع-مصطلح موضوعى
مصطلح موضوعي اللغة العربية - النحو
650 04 - المدخل الاضافى بالموضوع-مصطلح موضوعى
مصطلح موضوعي اللغة العربية - الصرف
942 ## - عناصر المدخل الإضافي( كوها)
مصدر التصنيف او مخطط الترفيف Dewey Decimal Classification
Koha [default] item type كتاب
Holdings
حالة التراجع حالة الفقد حالة تلف ليس للاعارة المكان المؤقت الموقع الحالى تاريخ الاكتساب اجمالي اﻻعارات رقم الطلب الباركود تاريخ اخر مشاهدة تاريخ تفعيل السعر نوع وعاء كوها
        مكتبة القاهرة الكبرى مكتبة القاهرة الكبرى 03/26/2014   415.5\ا ش 94524 03/26/2014 03/26/2014 كتاب
        مكتبة القاهرة الكبرى مكتبة القاهرة الكبرى 03/26/2014   415.5\ا ش 94525 03/26/2014 03/26/2014 كتاب
        مكتبة القاهرة الكبرى مكتبة القاهرة الكبرى 03/26/2014   415.5\ا ش 94526 03/26/2014 03/26/2014 كتاب
        مكتبة القاهرة الكبرى مكتبة القاهرة الكبرى 03/26/2014   415.5\ا ش 94527 03/26/2014 03/26/2014 كتاب
        مكتبة القاهرة الكبرى مكتبة القاهرة الكبرى 03/26/2014   415.5\ا ش 94528 03/26/2014 03/26/2014 كتاب
        مكتبة القاهرة الكبرى مكتبة القاهرة الكبرى 03/26/2014   415.5\ا ش 94529 03/26/2014 03/26/2014 كتاب
        مكتبة القاهرة الكبرى مكتبة القاهرة الكبرى 03/26/2014   415.5\ا ش 94530 03/26/2014 03/26/2014 كتاب
        مكتبة القاهرة الكبرى مكتبة القاهرة الكبرى 03/26/2014   415.5\ا ش 94531 03/26/2014 03/26/2014 كتاب
        مكتبة القاهرة الكبرى مكتبة القاهرة الكبرى 03/26/2014   415.5\ا ش 94532 03/26/2014 03/26/2014 كتاب
        مكتبة القاهرة الكبرى مكتبة القاهرة الكبرى 03/26/2014   415.5\ا ش 94533 03/26/2014 03/26/2014 كتاب
        مكتبة القاهرة الكبرى مكتبة القاهرة الكبرى 03/26/2014   415.5\ا ش 94534 03/26/2014 03/26/2014 كتاب
        مكتبة القاهرة الكبرى مكتبة القاهرة الكبرى 03/26/2014   415.5\ا ش 94535 03/26/2014 03/26/2014 كتاب

Powered By

EGPV